Statistics for Tap A as fast as you can!

Click here to take the quiz!

General Stats

  • This quiz has been taken 451 times
    (437 since last reset)
  • The average score is 37 of 40

Answer Stats

Answer% Correct
A
99%
A
96%
A
95%
A
95%
A
95%
A
95%
A
94%
A
94%
A
94%
A
94%
A
94%
A
94%
A
94%
A
92%
A
92%
A
92%
A
92%
A
92%
A
92%
A
92%
A
92%
A
92%
A
91%
A
91%
A
90%
A
90%
A
90%
A
90%
A
90%
A
90%
A
90%
A
90%
A
90%
A
90%
A
89%
A
88%
A
88%
A
88%
A
88%
A
88%

Score Distribution

Percentile by Number Answered

Percent of People with Each Score

Your Score History

You have not taken this quiz since the last reset